00955naa a22002297i 4500001000700000003000900007005001700016008004100033035002200074040001300096100003700109245016900146504004100315504002700356610010800383650002700491650002700518650002600545650002900571655002800600773009700628232318ES-MaBCM20260219120007.0260218s2026 sp ||||| |||| 00| 0 spa d a(OCoLC)1499519195 cES-MaBCM1 aPlasencia Domínguez, Natividad13aLa fase de ejecución en el proceso penal tras la LO 1/2025 de Medidas en Materia de Eficiencia del Servicio Público de JusticiacNatividad Plasencia Domínguez aIncluye referencias bibliográficas aIncluye bibliografía10aEspaña .tLey Orgánica de medidas en materia de eficiencia del Servicio Público de Justicia, 2025 7aProcedimiento judicial 7aDerecho procesal penal 7aResponsabilidad civil 7aEjecución de sentencia 4aLegislación comentada0 dLas Rozas, MadridgN. 10885 (16 de febrero de 2026) - Loc. En líneatDiario La Leyw213918